Nhiệt động lực học Dùng cho đào tạo kỹ sư, cử nhân, cao học, nghiên cứu sinh các trường đại học, cao đẳng, kỹ thuật... T.1

Khái niệm nhiệt động lực học. Tính chất của vật chất. Sự bảo toàn khối lượng, năng lượng. Phân tích các định luật của nhiệt động lực học...

Wedi'i Gadw mewn:
Manylion Llyfryddiaeth
Prif Awdur: Nguyễn, Quang Học
Fformat: Llyfr
Iaith:Undetermined
Cyhoeddwyd: H. KH & KT 2009
Pynciau:
Mynediad Ar-lein:http://lrc.tdmu.edu.vn/opac/search/detail.asp?aID=2&ID=7570
Tagiau: Ychwanegu Tag
Dim Tagiau, Byddwch y cyntaf i dagio'r cofnod hwn!
Thư viện lưu trữ: Trung tâm Học liệu Trường Đại học Thủ Dầu Một
LEADER 01029nam a2200229Ia 4500
001 TDMU_7570
008 210410s9999 xx 000 0 und d
082 |a 621.402 
090 |b NG527 
100 |a Nguyễn, Quang Học 
245 0 |a Nhiệt động lực học 
245 0 |b Dùng cho đào tạo kỹ sư, cử nhân, cao học, nghiên cứu sinh các trường đại học, cao đẳng, kỹ thuật... 
245 0 |c Nguyễn Quang Học 
245 0 |n T.1 
260 |a H. 
260 |b KH & KT 
260 |c 2009 
300 |a 578tr 
520 |a Khái niệm nhiệt động lực học. Tính chất của vật chất. Sự bảo toàn khối lượng, năng lượng. Phân tích các định luật của nhiệt động lực học... 
650 |a Kỹ thuật; Nhiệt động lực học 
856 |u http://lrc.tdmu.edu.vn/opac/search/detail.asp?aID=2&ID=7570 
980 |a Trung tâm Học liệu Trường Đại học Thủ Dầu Một